000
00375nam a2200133Ia 4500
008
100328s9999 xx 000 0 und d
082
_b
12051
100
_a
टिळक अशोक देवदत्त
245
_a
शांतिसदन
260
_b
नागरिक
630
_a
शांतिसदन
730
_a
शांतिसदन
942
_c
BOOK
999
_c
507345
_d
507342